[Event "26th EUR-ch"]
[Site "Katowice POL"]
[Date "2026.04.10"]
[Round "3.231"]
[White "Tendera, Jan"]
[Black "Dovbysh, Timur"]
[Result "1/2-1/2"]
[WhiteElo "1630"]
[BlackElo "1984"]
[EventDate "2026.04.07"]
[PlyCount "85"]

1.d4 d5 2.Nf3 Nf6 3.c4 e6 4.g3 dxc4 5.Bg2 Be7 6.O-O O-O 7.Qc2 a6 8.a4 Bd7 
9.Ne5 Bc6 10.Nxc6 Nxc6 11.Bxc6 bxc6 12.Qxc4 Qd5 13.Na3 Rfb8 14.Rd1 Rb4 15.
Qc2 Rab8 16.e3 h5 17.Nb1 Ne4 18.Nc3 Nxc3 19.bxc3 Rc4 20.e4 Qa5 21.Bd2 c5 
22.Qa2 Rxc3 23.Bxc3 Qxc3 24.Rac1 Qf3 25.Qc2 cxd4 26.Rxd4 Bd6 27.Qd1 Qf6 
28.Rdc4 h4 29.Qg4 Rb2 30.R4c2 hxg3 31.hxg3 Rxc2 32.Rxc2 Qa1+ 33.Kg2 Qxa4 
34.Rb2 Bb4 35.Qh4 c5 36.Qd8+ Kh7 37.Rb1 Qc2 38.Rh1+ Kg6 39.Qh4 Qd2 40.Qh7+
Kf6 41.e5+ Ke7 42.Qxg7 Qd5+ 43.Kh2 1/2-1/2

[Event "26th EUR-ch"]
[Site "Katowice POL"]
[Date "2026.04.10"]
[Round "3.232"]
[White "Malinowski, Damian"]
[Black "Bialowas, Maria"]
[Result "1/2-1/2"]
[WhiteElo "1984"]
[BlackElo "1671"]
[EventDate "2026.04.07"]
[PlyCount "84"]

1.c4 Nf6 2.Nc3 g6 3.g3 Bg7 4.Bg2 O-O 5.e4 d6 6.Nge2 c5 7.d3 Nc6 8.O-O a6 
9.h3 Rb8 10.a4 Ne8 11.Be3 Nc7 12.d4 cxd4 13.Nxd4 Nxd4 14.Bxd4 Bxd4 15.Qxd4
e5 16.Qe3 Ne6 17.Rfd1 Nd4 18.Rab1 Bd7 19.b4 Qc8 20.Nd5 Kg7 21.Nb6 Qe8 22.
a5 Bc6 23.f4 f6 24.h4 Qe6 25.Kh2 Qg4 26.Rd3 g5 27.Bh3 Qe2+ 28.Qxe2 Nxe2 
29.Re3 Nd4 30.hxg5 fxg5 31.f5 h5 32.Bf1 Bxe4 33.Rxe4 Nf3+ 34.Kg2 Nd2 35.
Bd3 Nxb1 36.Bxb1 Rxf5 37.Rd4 exd4 38.Bxf5 Kf6 39.Bd3 Re8 40.b5 Re1 41.bxa6
bxa6 42.c5 Ra1 1/2-1/2

[Event "26th EUR-ch"]
[Site "Katowice POL"]
[Date "2026.04.10"]
[Round "3.233"]
[White "Pousada Garcia, Victor Daniel"]
[Black "Janik, Albert"]
[Result "1/2-1/2"]
[WhiteElo "1984"]
[BlackElo "1668"]
[EventDate "2026.04.07"]
[PlyCount "121"]

1.e4 c5 2.Nf3 Nc6 3.c3 Nf6 4.e5 Nd5 5.d4 cxd4 6.cxd4 d6 7.Be2 dxe5 8.dxe5 
g6 9.O-O Bg7 10.Re1 O-O 11.Bc4 Nb6 12.Bb3 Qxd1 13.Bxd1 Bg4 14.Bf4 Nb4 15.
Bg3 Nd3 16.Re3 Nxb2 17.Bb3 N2c4 18.Re4 Bxf3 19.gxf3 Na5 20.Bd1 Rac8 21.Nd2
Rfd8 22.Nb3 Nc6 23.Rb1 Rd5 24.f4 Rcd8 25.Bf3 Nd4 26.Nxd4 Rxd4 27.Ree1 Bh6 
28.e6 f6 29.f5 gxf5 30.Bc7 Rc8 31.Bxb6 axb6 32.Rxb6 Rf4 33.Kg2 Rc3 34.Bxb7
Rg4+ 35.Kf1 Rc2 36.Bf3 Rf4 37.Kg2 Rh4 38.Rb8+ Kg7 39.Re8 Rc7 40.Ra8 Bf4 
41.h3 Bd6 42.a4 Rc2 43.Re2 Rxe2 44.Bxe2 Re4 45.Bd3 Rxe6 46.Bxf5 Re5 47.Bd7
Bc7 48.Kf3 Kh6 49.Rg8 Rg5 50.Rc8 Bd6 51.Rc6 Re5 52.Rb6 Kg6 53.Rb7 Kf7 54.
Bb5 Rf5+ 55.Ke2 Re5+ 56.Kf1 Rh5 57.Bd7 Kg7 58.Kg2 Rg5+ 59.Kf3 Re5 60.Bb5 
Rh5 61.Bd7 1/2-1/2

[Event "26th EUR-ch"]
[Site "Katowice POL"]
[Date "2026.04.10"]
[Round "3.234"]
[White "Zabawski, Grzegorz"]
[Black "Domoradzki, Tomasz"]
[Result "1-0"]
[WhiteElo "1984"]
[BlackElo "1662"]
[EventDate "2026.04.07"]
[PlyCount "77"]

1.e4 c5 2.Nf3 d6 3.c3 Nf6 4.Bd3 Nc6 5.h3 e5 6.Bc2 Be7 7.O-O O-O 8.d4 cxd4 
9.cxd4 exd4 10.Nxd4 Nxd4 11.Qxd4 Bd7 12.Nc3 Qc7 13.Bf4 Rfd8 14.Rac1 Qc5 
15.Qd2 Qh5 16.Nd5 Nxd5 17.exd5 Bf6 18.Bd3 Rac8 19.Rxc8 Bxc8 20.Rc1 Be5 21.
Be4 Bxf4 22.Qxf4 f5 23.Bf3 Qe8 24.Qb4 Qd7 25.Re1 Kf7 26.Qh4 h6 27.Bh5+ Kf8
28.Bg6 b6 29.Bxf5 Qc7 30.Bg6 Bb7 31.Qe4 Qd7 32.Bf5 Qf7 33.Be6 Qf6 34.Re3 
Ke7 35.Rf3 Qe5 36.Rf7+ Ke8 37.Qg6 Qe1+ 38.Kh2 Qe5+ 39.f4 1-0

[Event "26th EUR-ch"]
[Site "Katowice POL"]
[Date "2026.04.10"]
[Round "3.235"]
[White "Zyznowski, Adam"]
[Black "Hlavacek, Pavel"]
[Result "1/2-1/2"]
[WhiteElo "1599"]
[BlackElo "1982"]
[EventDate "2026.04.07"]
[PlyCount "74"]

1.d4 Nf6 2.c4 e6 3.Nf3 d5 4.g3 Bb4+ 5.Nbd2 dxc4 6.Qc2 b5 7.Bg2 Bb7 8.O-O 
O-O 9.a3 Be7 10.a4 a6 11.b3 cxb3 12.Qxb3 Nc6 13.Bb2 Na5 14.Qc2 b4 15.Rfc1 
Rc8 16.Nc4 Nxc4 17.Qxc4 c5 18.Ne5 Bxg2 19.Kxg2 Qd5+ 20.Kg1 Qxc4 21.Rxc4 
cxd4 22.Rac1 Rxc4 23.Rxc4 Nd5 24.Bxd4 b3 25.e4 Nf6 26.Rc7 Bd6 27.Rb7 Bxe5 
28.Bxe5 Nxe4 29.Rxb3 f6 30.Rb4 fxe5 31.Rxe4 Rf5 32.Kg2 Kf7 33.Rc4 a5 34.h4
Ke7 35.Rc7+ Kf6 36.Rc4 h5 37.f3 g5 1/2-1/2

[Event "26th EUR-ch"]
[Site "Katowice POL"]
[Date "2026.04.10"]
[Round "3.236"]
[White "Uzun, Kuzey"]
[Black "Babczynski, Zbigniew"]
[Result "1-0"]
[WhiteElo "1982"]
[BlackElo "1622"]
[EventDate "2026.04.07"]
[PlyCount "53"]

1.d4 Nf6 2.Nc3 g6 3.e4 d6 4.Bf4 Bg7 5.Qd2 h5 6.e5 dxe5 7.dxe5 Qxd2+ 8.Kxd2
Ng4 9.Nd5 Kd7 10.e6+ fxe6 11.Nxc7 Nxf2 12.Nxa8 e5 13.Be3 Bh6 14.Bxh6 Rxh6 
15.Nf3 Nxh1 16.Bb5+ Kd6 17.Rxh1 Bg4 18.Ng5 Kc5 19.a4 Rh8 20.Nc7 Rd8+ 21.
Kc3 Kd6 22.Nf7+ Kxc7 23.Nxd8 Kxd8 24.Re1 a6 25.Bd3 Nc6 26.Bxg6 Kd7 27.h3 
1-0

[Event "26th EUR-ch"]
[Site "Katowice POL"]
[Date "2026.04.10"]
[Round "3.237"]
[White "Jaworski, Pawel"]
[Black "Kulpa, Zuzanna"]
[Result "0-1"]
[WhiteElo "1566"]
[BlackElo "1979"]
[EventDate "2026.04.07"]
[PlyCount "118"]

1.b3 e5 2.Bb2 Nc6 3.g3 d5 4.Bg2 Nf6 5.d3 Bc5 6.h3 Be6 7.e3 Qe7 8.Ne2 h5 9.
Nd2 Bd6 10.Nf3 Nd7 11.Qd2 O-O-O 12.O-O-O Ba3 13.Kb1 Kb8 14.Qc1 Bxb2 15.
Qxb2 f6 16.d4 e4 17.Nh4 Qf7 18.Bf1 g5 19.Ng2 Nb6 20.Nc3 Qd7 21.h4 Bg4 22.
Re1 Qf5 23.f4 exf3 24.Bd3 Qd7 25.Nf4 gxf4 26.gxf4 Rde8 27.Nd1 Nb4 28.Nf2 
Nxd3 29.cxd3 Qd6 30.Qd2 Rd8 31.Rhg1 Rhg8 32.Rc1 Nc8 33.Rc5 c6 34.Rgc1 Ne7 
35.Ra5 b6 36.Ra4 Bc8 37.e4 b5 38.e5 fxe5 39.dxe5 Qc7 40.Ra3 Qb6 41.d4 Nf5 
42.Rc5 Rg1+ 43.Kb2 Rg2 44.b4 Ng3 45.Rxf3 Ne4 46.Nxe4 Rxd2+ 47.Nxd2 Bg4 48.
Rf2 a5 49.bxa5 Qxa5 50.Rxc6 Qb4+ 51.Nb3 Bd1 52.Kb1 Bxb3 53.axb3 Qe1+ 54.
Ka2 Qxf2+ 55.Ka3 Qxd4 56.Rf6 Kb7 57.Rf7+ Kb6 58.e6 Ra8+ 59.Ra7 Rxa7# 0-1

[Event "26th EUR-ch"]
[Site "Katowice POL"]
[Date "2026.04.10"]
[Round "3.238"]
[White "Lewinski, Leon"]
[Black "Spyra, Piotr"]
[Result "0-1"]
[WhiteElo "1541"]
[BlackElo "1975"]
[EventDate "2026.04.07"]
[PlyCount "56"]

1.e4 c5 2.Nc3 Nc6 3.g3 g6 4.d3 Bg7 5.Bg2 d6 6.Be3 e5 7.Nge2 Nge7 8.O-O O-O
9.Qd2 Nd4 10.Bxd4 cxd4 11.Nd1 h5 12.h4 Bg4 13.f4 Bh6 14.Bf3 Be6 15.Nf2 f5 
16.c4 Qd7 17.Kh2 Rf7 18.Bg2 Raf8 19.b3 fxe4 20.Nxe4 Nf5 21.Ng5 Bxg5 22.
hxg5 Ne3 23.Rg1 Ng4+ 24.Kh1 h4 25.gxh4 Rh7 26.Qe1 Rff7 27.Qg3 Rxh4+ 28.Bh3
Rxh3+ 0-1

[Event "26th EUR-ch"]
[Site "Katowice POL"]
[Date "2026.04.10"]
[Round "3.239"]
[White "Modzelewski, Filip"]
[Black "Galuszka, Leon"]
[Result "1-0"]
[WhiteElo "1971"]
[BlackElo "1595"]
[EventDate "2026.04.07"]
[PlyCount "149"]

1.e4 c6 2.Ne2 d5 3.e5 e6 4.d4 c5 5.c3 Nc6 6.Nd2 Nge7 7.Nf3 cxd4 8.Nexd4 
Nxd4 9.Nxd4 Nc6 10.Nf3 Qc7 11.Bf4 Bd7 12.Bd3 Be7 13.Qe2 h6 14.O-O g5 15.
Bg3 h5 16.h3 g4 17.hxg4 hxg4 18.Nd4 Nxd4 19.cxd4 Qb6 20.Rac1 Qxd4 21.Rfd1 
Qb6 22.Qxg4 Bc6 23.Qg7 Kd7 24.Bf5 Rag8 25.Qxf7 exf5 26.Rxd5+ Bxd5 27.Qxd5+
Bd6 28.Qf7+ Be7 29.Qd5+ Bd6 30.exd6 Rxg3 31.Qxf5+ Kxd6 32.Qf4+ Ke7 33.Qxg3
Rh1+ 34.Kxh1 Qh6+ 35.Qh3 Qxc1+ 36.Kh2 Qf4+ 37.g3 Qxf2+ 38.Qg2 Qb6 39.Qe2+ 
Kf7 40.Kg2 Qb4 41.Qf2+ Kg8 42.Kh3 a6 43.Qc2 Qe7 44.Qc4+ Kf8 45.Qf4+ Kg8 
46.Qh4 Qc7 47.Qg4+ Kh7 48.Qe4+ Kg8 49.g4 Qb6 50.Qe8+ Kg7 51.Qe5+ Kg8 52.
Kh4 Qh6+ 53.Qh5 Qb6 54.Qg5+ Kh7 55.Qf5+ Kg8 56.Qd5+ Kg7 57.Qe5+ Kg8 58.Kh5
Kf7 59.Qf5+ Kg7 60.Qd7+ Kg8 61.Qe8+ Kg7 62.Qe7+ Kg8 63.Qg5+ Kh7 64.b3 Qc7 
65.Qg6+ Kh8 66.Kh6 Qh2+ 67.Qh5 Qd6+ 68.Qg6 Qh2+ 69.Kg5 Qe5+ 70.Qf5 Qe3+ 
71.Qf4 Qc5+ 72.Kg6 Qc2+ 73.Qf5 Qc6+ 74.Qf6+ Qxf6+ 75.Kxf6 1-0

[Event "26th EUR-ch"]
[Site "Katowice POL"]
[Date "2026.04.10"]
[Round "3.240"]
[White "Amiridou, Dimitra"]
[Black "Sowa, Maciej"]
[Result "1-0"]
[WhiteElo "1965"]
[BlackElo "1544"]
[EventDate "2026.04.07"]
[PlyCount "39"]

1.e4 c5 2.Nf3 Nc6 3.d4 cxd4 4.Nxd4 Qc7 5.Nc3 e6 6.Ncb5 Qb8 7.Bd3 a6 8.Nxc6
bxc6 9.Nd4 c5 10.Nf3 Bb7 11.O-O d6 12.Bf4 Nf6 13.e5 Nh5 14.Bg3 Nxg3 15.
fxg3 dxe5 16.Ng5 f6 17.Qh5+ g6 18.Bxg6+ hxg6 19.Qxh8 Qd6 20.Qxf6 1-0

[Event "26th EUR-ch"]
[Site "Katowice POL"]
[Date "2026.04.10"]
[Round "3.241"]
[White "Levytskyi, Liubomyr"]
[Black "Zychon, Rozalia"]
[Result "1-0"]
[WhiteElo "1959"]
[BlackElo "1473"]
[EventDate "2026.04.07"]
[PlyCount "45"]

1.e4 c5 2.Nc3 Nc6 3.Bb5 Nd4 4.Nf3 Nxb5 5.Nxb5 a6 6.Nc3 e6 7.d4 cxd4 8.Qxd4
d6 9.Bg5 Qc7 10.O-O-O b5 11.Rhe1 Bb7 12.Kb1 e5 13.Nd5 Bxd5 14.Qxd5 Rc8 15.
c3 h6 16.Bh4 g5 17.Bg3 Nf6 18.Qd3 Nh5 19.Nxe5 Nxg3 20.Ng4 Nh5 21.e5 Qb7 
22.exd6+ Kd8 23.Re8+ 1-0

[Event "26th EUR-ch"]
[Site "Katowice POL"]
[Date "2026.04.10"]
[Round "3.242"]
[White "Szymura, Oliwia"]
[Black "Destic, Elena"]
[Result "0-1"]
[WhiteElo "1516"]
[BlackElo "1954"]
[EventDate "2026.04.07"]
[PlyCount "108"]

1.e4 c6 2.d3 d5 3.Nc3 dxe4 4.dxe4 Qc7 5.Nf3 e5 6.Be3 Bg4 7.h3 Bh5 8.g4 Bg6
9.Nh4 Nd7 10.Nf5 Ngf6 11.Bg2 O-O-O 12.Qe2 Bb4 13.O-O h5 14.g5 Ne8 15.h4 
Bc5 16.Bd2 Nb6 17.a3 Bxf5 18.exf5 f6 19.Ne4 Be7 20.f4 Nd5 21.fxe5 Qxe5 22.
c4 Bc5+ 23.Kh1 Nb6 24.Bf4 Qe7 25.b4 Bd4 26.Nd6+ Kd7 27.Qxe7+ Kxe7 28.Rae1+
Be5 29.Nxb7 Nxc4 30.Nxd8 Kxd8 31.Bxe5 Nxe5 32.Rc1 Kd7 33.Rfd1+ Nd6 34.Rd2 
Ke7 35.b5 Nxb5 36.Bxc6 Rc8 37.Rdc2 Nd4 38.Ba4 Nxc2 39.Rxc2 Rxc2 40.Bxc2 
Nf3 41.Kg2 Nxh4+ 42.Kg3 fxg5 43.Be4 Kf6 44.Kf2 Nxf5 45.Bc6 Ke5 46.Be8 h4 
47.Bh5 Kf4 48.Kg2 g4 49.a4 Ne3+ 50.Kg1 g3 51.a5 Ng4 52.Kg2 Nf2 53.Be8 h3+ 
54.Kg1 h2+ 0-1

[Event "26th EUR-ch"]
[Site "Katowice POL"]
[Date "2026.04.10"]
[Round "3.243"]
[White "Adamczyk, Zuzanna"]
[Black "Sopel, Jonatan Jan"]
[Result "1-0"]
[WhiteElo "1950"]
[BlackElo "1433"]
[EventDate "2026.04.07"]
[PlyCount "105"]

1.d4 Nf6 2.c4 e6 3.g3 Bb4+ 4.Bd2 Bxd2+ 5.Qxd2 d5 6.Bg2 O-O 7.Nf3 Nc6 8.O-O
Qe7 9.Qc2 Bd7 10.Nbd2 Rfd8 11.e4 Nb4 12.Qb1 dxe4 13.Nxe4 Bc6 14.Ned2 Na6 
15.Re1 Qf8 16.a3 Nb8 17.b4 b6 18.Qb2 a6 19.a4 Nbd7 20.b5 axb5 21.axb5 Bb7 
22.Nf1 h6 23.Ne3 Kh8 24.Nc2 Ne8 25.Nb4 Nd6 26.Nd2 Bxg2 27.Kxg2 Nf5 28.Na6 
Rdc8 29.Ne4 Nb8 30.c5 Nxa6 31.Rxa6 Rcb8 32.Rea1 Kh7 33.Qc2 Kg8 34.Qa4 Rxa6
35.bxa6 Ra8 36.Qd7 bxc5 37.dxc5 Qc8 38.c6 Qd8 39.a7 Qf8 40.Qxc7 Ne7 41.Qb7
Qe8 42.c7 Qc8 43.Qb8 Kf8 44.Nd6 Rxb8 45.cxb8=Q Qxb8 46.axb8=Q+ Nc8 47.
Qxc8+ Ke7 48.Rd1 Kf6 49.Ne8+ Kg6 50.Qc2+ f5 51.Rd7 Kh5 52.Qe2+ Kg6 53.
Rxg7# 1-0

[Event "26th EUR-ch"]
[Site "Katowice POL"]
[Date "2026.04.10"]
[Round "3.249"]
[White "Kiladze, Luka"]
[Black "Nowak, Lukasz"]
[Result "1-0"]
[WhiteElo "2380"]
[BlackElo "2166"]
[EventDate "2026.04.07"]
[PlyCount "87"]

1.e4 e5 2.Nc3 Nf6 3.Bc4 Nc6 4.d3 Na5 5.Nge2 Bc5 6.h3 Nxc4 7.dxc4 d6 8.Qd3 
Be6 9.b3 a6 10.Be3 Nd7 11.a4 O-O 12.g4 Qh4 13.Bxc5 Nxc5 14.Qg3 Qe7 15.Qe3 
f6 16.f3 g6 17.h4 f5 18.gxf5 gxf5 19.O-O-O f4 20.Qf2 Kh8 21.Kb2 Qf7 22.a5 
Rg8 23.Nd5 Bxd5 24.cxd5 Nd7 25.Rhg1 Rxg1 26.Rxg1 b6 27.Ra1 Qe7 28.Nc3 bxa5
29.Rxa5 Nb6 30.Na4 Nxa4+ 31.Rxa4 Qd7 32.Qf1 a5 33.Qe1 Qh3 34.Qc3 Ra7 35.
Rc4 Qd7 36.h5 Kg7 37.Ra4 Kh6 38.Qe1 Qb5 39.Qh4 Qc5 40.Qf6+ Kxh5 41.Qf5+ 
Kh6 42.Qf6+ Kh5 43.Ra1 Qd4+ 44.Ka2 1-0

[Event "26th EUR-ch"]
[Site "Katowice POL"]
[Date "2026.04.10"]
[Round "4.1"]
[White "Suleymanli, Aydin"]
[Black "Can, Isik"]
[Result "1/2-1/2"]
[WhiteElo "2653"]
[BlackElo "2563"]
[EventDate "2026.04.07"]
[PlyCount "68"]

1.e4 c6 2.d4 d5 3.e5 Bf5 4.h4 h5 5.Bd3 Bxd3 6.Qxd3 Qa5+ 7.b4 Qa6 8.Qb3 e6 
9.Nf3 Nd7 10.Nc3 Nh6 11.a4 Nf5 12.a5 Be7 13.Bg5 O-O 14.Bxe7 Nxe7 15.Ne2 b6
16.Nf4 Qb5 17.Nxh5 c5 18.axb6 axb6 19.Kd2 Nc6 20.bxc5 Qxb3 21.cxb3 bxc5 
22.dxc5 Nxc5 23.Rxa8 Rxa8 24.Rb1 Ra2+ 25.Ke3 Ra3 26.Nf4 Nxb3 27.Ke2 Nbd4+ 
28.Nxd4 Nxd4+ 29.Kd2 Ra2+ 30.Ke1 Nf5 31.Rb8+ Kh7 32.Rb7 Ra4 33.g3 Nxh4 34.
Rxf7 Nf3+ 1/2-1/2

[Event "26th EUR-ch"]
[Site "Katowice POL"]
[Date "2026.04.10"]
[Round "4.2"]
[White "Moroni, Luca jr"]
[Black "Sargsian, Shant"]
[Result "1/2-1/2"]
[WhiteElo "2551"]
[BlackElo "2647"]
[EventDate "2026.04.07"]
[PlyCount "96"]

1.c4 g6 2.Nc3 Bg7 3.g3 c5 4.Bg2 Nc6 5.d3 d6 6.Qd2 e5 7.e3 Nge7 8.Nge2 O-O 
9.O-O Be6 10.Nd5 Qd7 11.Nec3 Bh3 12.Rb1 Bxg2 13.Kxg2 f5 14.f4 exf4 15.gxf4
Nxd5 16.Nxd5 Ne7 17.Nxe7+ Qxe7 18.Kh1 Rad8 19.Qg2 Qf7 20.b4 b6 21.Qd5 
Qxd5+ 22.cxd5 cxb4 23.Rxb4 Rc8 24.Ra4 Rc2 25.e4 Rfc8 26.Be3 Re2 27.Bg1 Rc7
28.Rb1 Kf7 29.Rbb4 Re7 30.Ra6 Bc3 31.Rc4 Ba5 32.e5 dxe5 33.fxe5 R2xe5 34.
d6 Rd7 35.Rc7 Ke6 36.Rxd7 Kxd7 37.Rxa7+ Kxd6 38.Rxh7 f4 39.Kg2 Rg5+ 40.Kf1
Ke6 41.a4 Rd5 42.Ke2 f3+ 43.Kxf3 Rxd3+ 44.Ke2 Ra3 45.Rh4 g5 46.Rh6+ Kf5 
47.Bxb6 Bxb6 48.Rxb6 Rxa4 1/2-1/2

[Event "26th EUR-ch"]
[Site "Katowice POL"]
[Date "2026.04.10"]
[Round "4.3"]
[White "Hovhannisian, Robert"]
[Black "Alexakis, Dimitris"]
[Result "1-0"]
[WhiteElo "2621"]
[BlackElo "2528"]
[EventDate "2026.04.07"]
[PlyCount "57"]

1.e4 c5 2.Nf3 e6 3.d4 cxd4 4.Nxd4 Nc6 5.Nc3 Qc7 6.Be3 a6 7.Bd3 b5 8.Nxc6 
Qxc6 9.Qf3 Bb7 10.Qg3 Rc8 11.O-O-O b4 12.Ne2 Nf6 13.f3 Qc7 14.Kb1 d5 15.
exd5 Nxd5 16.Bd4 h5 17.c4 h4 18.Qg5 Nf6 19.Nf4 Bd6 20.Qxg7 Rg8 21.Nxe6 
Rxg7 22.Nxc7+ Bxc7 23.Bxf6 Rxg2 24.Bf5 Rb8 25.Rd4 Bxf3 26.Rxh4 Kf8 27.Re1 
a5 28.Rh8+ Rg8 29.Be7+ 1-0

[Event "26th EUR-ch"]
[Site "Katowice POL"]
[Date "2026.04.10"]
[Round "4.4"]
[White "Indjic, Aleksandar"]
[Black "Kadric, Denis"]
[Result "1/2-1/2"]
[WhiteElo "2616"]
[BlackElo "2523"]
[EventDate "2026.04.07"]
[PlyCount "21"]

1.e4 e5 2.Nf3 Nf6 3.Nc3 d6 4.d4 Nbd7 5.Be2 Be7 6.a4 O-O 7.O-O a6 8.Re1 b6 
9.d5 Bb7 10.Bc4 Qc8 11.h3 1/2-1/2

[Event "26th EUR-ch"]
[Site "Katowice POL"]
[Date "2026.04.10"]
[Round "4.5"]
[White "Brunello, Sabino"]
[Black "Lodici, Lorenzo"]
[Result "1/2-1/2"]
[WhiteElo "2516"]
[BlackElo "2601"]
[EventDate "2026.04.07"]
[PlyCount "104"]

1.d4 Nf6 2.c4 e6 3.Nc3 Bb4 4.Qc2 c5 5.dxc5 Na6 6.a3 Bxc3+ 7.Qxc3 Nxc5 8.b4
Nce4 9.Qb2 d5 10.f3 Nd6 11.c5 Nc4 12.Qc3 b6 13.e4 Ba6 14.a4 bxc5 15.b5 Bb7
16.Bxc4 dxc4 17.Ne2 a6 18.Be3 axb5 19.axb5 Rxa1+ 20.Qxa1 Qb6 21.Qa4 Nd7 
22.O-O O-O 23.Qxc4 Rc8 24.Rb1 Qd6 25.Bf4 e5 26.Be3 Nf8 27.Ng3 g6 28.Nf1 
Ne6 29.Bf2 Nd4 30.Ne3 Rb8 31.Kf1 Ba6 32.Kg1 Bxb5 33.Qd5 Qc7 34.Qa2 Ne2+ 
35.Kh1 Bd3 36.Re1 Nf4 37.Bh4 c4 38.g3 Nh5 39.Nd5 Qb7 40.Be7 f5 41.Qa1 Qb1 
42.Rxb1 Rxb1+ 43.Qxb1 Bxb1 44.Bd6 fxe4 45.Nc3 Bd3 46.fxe4 Nf6 47.Bxe5 
Bxe4+ 48.Kg1 Nd7 49.Bd4 Bc6 50.Kf2 Kf7 51.Ke3 g5 52.h4 gxh4 1/2-1/2

[Event "26th EUR-ch"]
[Site "Katowice POL"]
[Date "2026.04.10"]
[Round "4.6"]
[White "Malek, Jan"]
[Black "Bjerre, Jonas Buhl"]
[Result "1/2-1/2"]
[WhiteElo "2533"]
[BlackElo "2623"]
[EventDate "2026.04.07"]
[PlyCount "131"]

1.c4 e5 2.Nc3 Nf6 3.Nf3 Nc6 4.g3 Nd4 5.Bg2 Nxf3+ 6.Bxf3 Bb4 7.Qc2 O-O 8.g4
c6 9.Rg1 Ne8 10.a3 Be7 11.e3 Nc7 12.d4 exd4 13.exd4 Re8 14.Be4 Bh4 15.d5 
cxd5 16.cxd5 d6 17.Be3 h6 18.O-O-O Bd7 19.Kb1 Rc8 20.Qd3 Na6 21.Bh7+ Kh8 
22.Bf5 Nc5 23.Bxc5 Rxc5 24.Bxd7 Qxd7 25.Ne4 Rcc8 26.f3 Qe7 27.Qd4 Bg5 28.
Qxa7 Bf4 29.Rg2 Rc4 30.Qb6 Rec8 31.Re2 Qd7 32.Qb3 Be5 33.Nf2 f5 34.Nd3 Bf6
35.h3 Qc7 36.Rde1 Qf7 37.Nb4 Rd4 38.Rc2 Rxc2 39.Qxc2 fxg4 40.fxg4 Be5 41.
Rd1 Rxd1+ 42.Qxd1 Qf2 43.Nd3 Qd4 44.Qb3 Bf6 45.Ka2 Kh7 46.Ne1 Qe5 47.Nc2 
Qe4 48.Ne3 Kg6 49.Nf5 Be5 50.Qxb7 h5 51.Qc6 Kg5 52.Qc1+ Bf4 53.Qd1 Be5 54.
Qd2+ Kf6 55.Ne3 h4 56.Qf2+ Bf4 57.Ng2 g5 58.b3 Ke5 59.a4 Kxd5 60.a5 Kc6 
61.Nxf4 gxf4 62.Qb6+ Kd7 63.Qb5+ Kc7 64.Qb6+ Kd7 65.Qb5+ Kc7 66.Qb6+ 
1/2-1/2

[Event "26th EUR-ch"]
[Site "Katowice POL"]
[Date "2026.04.10"]
[Round "4.7"]
[White "Dehtiarov, Roman"]
[Black "Abasov, Nijat"]
[Result "1/2-1/2"]
[WhiteElo "2452"]
[BlackElo "2586"]
[EventDate "2026.04.07"]
[PlyCount "42"]

1.e4 c6 2.d4 d5 3.Nc3 dxe4 4.Nxe4 Nf6 5.Nxf6+ exf6 6.c3 Bd6 7.Bd3 O-O 8.
Ne2 Re8 9.Qc2 h6 10.O-O Nd7 11.Be3 Qc7 12.h3 b5 13.Rae1 Nb6 14.Nf4 Bd7 15.
Nh5 Nd5 16.Be4 Re6 17.Bxd5 cxd5 18.Qd2 Rae8 19.Nf4 Bxf4 20.Bxf4 Qc6 21.f3 
a5 1/2-1/2

[Event "26th EUR-ch"]
[Site "Katowice POL"]
[Date "2026.04.10"]
[Round "4.8"]
[White "Iturrizaga Bonelli, Eduardo"]
[Black "Sahidi, Samir"]
[Result "1-0"]
[WhiteElo "2575"]
[BlackElo "2513"]
[EventDate "2026.04.07"]
[PlyCount "181"]

1.Nf3 d5 2.g3 Nf6 3.Bg2 c6 4.O-O Bg4 5.h3 Bxf3 6.Bxf3 Nbd7 7.d3 e6 8.Bg2 
Qc7 9.Nd2 Bd6 10.e4 h5 11.exd5 cxd5 12.Nf3 O-O 13.a4 Rac8 14.c3 Rfe8 15.
Be3 g6 16.Re1 Bc5 17.d4 Bd6 18.Nd2 Bf8 19.Bf4 Bd6 20.Be3 Bf8 21.a5 Rb8 22.
Bf1 Kh7 23.Bd3 Bh6 24.Bxh6 Kxh6 25.Nf3 Kg7 26.Qe2 a6 27.Kg2 Re7 28.Qe3 Rh8
29.Qg5 Ree8 30.Re2 Nh7 31.Qd2 Nhf6 32.Qg5 Nh7 33.Qd2 Nhf6 34.Bc2 Nb8 35.
Ne5 Nc6 36.Nxc6 bxc6 37.b4 Ra8 38.Rae1 Ne8 39.Bd3 Qe7 40.Re5 Nc7 41.f3 Qd6
42.h4 Rae8 43.Qc2 Nb5 44.R5e3 Rh6 45.Qd2 Rd8 46.Re5 Qe7 47.Rh1 Rhh8 48.Bc2
Rde8 49.Qd3 Qf6 50.Rhe1 Rd8 51.Rg5 Rh6 52.Rge5 Rhh8 53.Kf2 Rh6 54.Qd2 Re8 
55.Bd3 Rhh8 56.Rg5 Rd8 57.Re3 Kf8 58.Rge5 Rd7 59.Qe1 Re7 60.Ke2 Rd7 61.Kd2
Rd6 62.Kc2 Ke7 63.Qf2 Kd7 64.Re1 Kc7 65.Qe3 Rd7 66.Rg5 Rdd8 67.Rh1 Rh7 68.
Re5 Rhh8 69.g4 Kb7 70.gxh5 Rxh5 71.Rxh5 gxh5 72.Qg5 Qxg5 73.hxg5 Rh8 74.
Rh4 Kc7 75.f4 Kd7 76.Be2 Ke7 77.Rxh5 Rxh5 78.Bxh5 Kf8 79.Bg4 Nd6 80.Be2 
Nb5 81.Bd3 Kg7 82.f5 exf5 83.Bxf5 Na7 84.Kd2 f6 85.g6 Nb5 86.Bd3 Kh6 87.
Ke3 Kg7 88.Kf4 Nxc3 89.Bxa6 Na2 90.Bb7 Nxb4 91.a6 1-0

[Event "26th EUR-ch"]
[Site "Katowice POL"]
[Date "2026.04.10"]
[Round "4.9"]
[White "Anton Guijarro, David"]
[Black "Sason, Noam"]
[Result "1-0"]
[WhiteElo "2656"]
[BlackElo "2199"]
[EventDate "2026.04.07"]
[PlyCount "101"]

1.e4 c5 2.Nf3 d6 3.d4 Nf6 4.Nc3 cxd4 5.Qxd4 Nc6 6.Qe3 g6 7.h3 Bg7 8.Bc4 
O-O 9.O-O Bd7 10.Rd1 Rc8 11.Qe2 Qc7 12.Bb3 Be6 13.Bxe6 fxe6 14.Ng5 Nd8 15.
e5 Nd5 16.Nxd5 exd5 17.exd6 Qxd6 18.c3 h6 19.Nf3 Nc6 20.Be3 Rcd8 21.Rd2 e5
22.Rad1 Ne7 23.Bxa7 b6 24.Qa6 e4 25.Nd4 Nc8 26.c4 e3 27.fxe3 Rd7 28.Bb8 
Qxb8 29.Ne6 Nd6 30.Nxf8 Bxf8 31.cxd5 Ne4 32.Rd4 Qe5 33.d6 Nxd6 34.Qd3 Kh7 
35.e4 Rf7 36.Rxd6 Bxd6 37.Qxd6 Qxe4 38.Qxb6 h5 39.Qb3 Rc7 40.Qd3 Qa4 41.a3
Rb7 42.b4 Rc7 43.Kh1 Qa7 44.b5 Qf2 45.a4 Re7 46.Qd2 Qc5 47.Rb1 Qf5 48.Re1 
Rb7 49.Qd6 Kh6 50.Qe5 Qd7 51.Qh8+ 1-0

[Event "26th EUR-ch"]
[Site "Katowice POL"]
[Date "2026.04.10"]
[Round "4.10"]
[White "Gokerkan, Cem Kaan"]
[Black "Gurel, Ediz"]
[Result "0-1"]
[WhiteElo "2501"]
[BlackElo "2635"]
[EventDate "2026.04.07"]
[PlyCount "88"]

1.e4 c6 2.d4 d5 3.e5 Bf5 4.Nf3 e6 5.Be2 c5 6.Be3 cxd4 7.Nxd4 Ne7 8.c4 Nbc6
9.Qa4 a6 10.Nc3 dxc4 11.O-O-O Qa5 12.Nxf5 Nxf5 13.Qxa5 Nxa5 14.Bb6 Nc6 15.
f4 Be7 16.Rd2 g5 17.g3 gxf4 18.gxf4 Bd8 19.Bc5 Be7 20.Bb6 Bd8 21.Bc5 Ba5 
22.Rhd1 Rc8 23.Ne4 Bxd2+ 24.Rxd2 Nce7 25.Nf6+ Kf8 26.Ba3 Kg7 27.Rd7 Ng6 
28.Nh5+ Kh6 29.Bb4 c3 30.Bxc3 Nge7 31.Nf6 b5 32.Kb1 Rhd8 33.Ra7 Ra8 34.Rb7
Rab8 35.Ra7 b4 36.Be1 Rd4 37.Rxa6 Rbd8 38.Rb6 Ne3 39.a4 bxa3 40.Bf2 Rd2 
41.Bxe3 Rxe2 42.f5+ Kg7 43.Nh5+ Kh8 44.Rd6 a2+ 0-1

[Event "26th EUR-ch"]
[Site "Katowice POL"]
[Date "2026.04.10"]
[Round "4.11"]
[White "Martirosian, Haik"]
[Black "Psyk, Radoslaw"]
[Result "1-0"]
[WhiteElo "2633"]
[BlackElo "2501"]
[EventDate "2026.04.07"]
[PlyCount "119"]

1.d4 d5 2.c4 e6 3.Nf3 Nf6 4.Nc3 Be7 5.cxd5 exd5 6.Bf4 c6 7.e3 Nh5 8.h3 
Nxf4 9.exf4 Bd6 10.g3 O-O 11.Bd3 Re8+ 12.Kf1 Nd7 13.Kg2 Nf8 14.Qc2 g6 15.
h4 Bg4 16.Ne5 Bxe5 17.dxe5 Ne6 18.Ne2 Ng7 19.h5 d4 20.hxg6 fxg6 21.Qc4+ 
Be6 22.Qxd4 Qxd4 23.Nxd4 Bd5+ 24.f3 Rad8 25.Rhd1 Rd7 26.Nb3 g5 27.Nc5 Rf7 
28.Ne4 Bxe4 29.fxe4 gxf4 30.Bc4 Ne6 31.Rd6 f3+ 32.Kf2 Rfe7 33.Kxf3 Kf8 34.
Bxe6 Rxe6 35.Rxe6 Rxe6 36.Rh1 h6 37.Kf4 Rg6 38.g4 Ke7 39.b4 b6 40.Rh3 Ke6 
41.Rc3 Ke7 42.Ra3 Rg8 43.Rxa7+ Ke6 44.Rc7 Rf8+ 45.Kg3 Kxe5 46.Rxc6 Rb8 47.
Rxh6 Kxe4 48.b5 Kd4 49.Rc6 Ke5 50.Kh4 Ra8 51.Rxb6 Rxa2 52.Kh5 Rh2+ 53.Kg6 
Rh8 54.g5 Kf4 55.Kg7 Rd8 56.g6 Kg5 57.Kh7 Rd1 58.g7 Rh1+ 59.Kg8 Rd1 60.Rc6
1-0

[Event "26th EUR-ch"]
[Site "Katowice POL"]
[Date "2026.04.10"]
[Round "4.12"]
[White "Klimkowski, Jan"]
[Black "Ivanchuk, Vasyl"]
[Result "1/2-1/2"]
[WhiteElo "2498"]
[BlackElo "2621"]
[EventDate "2026.04.07"]
[PlyCount "75"]

1.e4 e6 2.d4 d5 3.Nc3 dxe4 4.Nxe4 Bd7 5.Nf3 Bc6 6.Bd3 Nd7 7.O-O Ngf6 8.Ng3
Be7 9.Re1 O-O 10.a4 a5 11.c3 Re8 12.Bf4 Bxf3 13.Qxf3 Nd5 14.Bd2 Bg5 15.
Bxg5 Qxg5 16.Ne4 Qe7 17.Qg3 N7f6 18.Nxf6+ Nxf6 19.Re5 b6 20.Rae1 Rad8 21.
Bb5 Rf8 22.Bc4 Qd6 23.Qh4 Rfe8 24.Bd3 Qe7 25.Bb5 Rf8 26.f4 Nd5 27.Qf2 Qd6 
28.f5 exf5 29.Qxf5 g6 30.Qf2 Kg7 31.h3 h6 32.Bc4 Nf6 33.Bb3 Rd7 34.Bc4 
Rfd8 35.Qe3 c6 36.Re7 Qc7 37.Rxd7 Rxd7 38.Qe5 1/2-1/2

[Event "26th EUR-ch"]
[Site "Katowice POL"]
[Date "2026.04.10"]
[Round "4.13"]
[White "Lagarde, Maxime"]
[Black "Paichadze, Luka"]
[Result "1-0"]
[WhiteElo "2621"]
[BlackElo "2490"]
[EventDate "2026.04.07"]
[PlyCount "51"]

1.d4 Nf6 2.c4 e6 3.Nc3 Bb4 4.e3 O-O 5.a3 Bxc3+ 6.bxc3 b6 7.Bd3 d5 8.cxd5 
exd5 9.Ne2 c5 10.O-O Ba6 11.Bxa6 Nxa6 12.Qd3 Nc7 13.dxc5 bxc5 14.c4 Rb8 
15.Rd1 dxc4 16.Qc2 Qe7 17.Qxc4 Rfd8 18.Bd2 Nfd5 19.Ng3 Ne6 20.h3 Nb6 21.
Qc2 c4 22.Nf5 Qc7 23.Bb4 Nc5 24.Rd4 f6 25.Rxc4 Qe5 26.Bc3 1-0